Turkey in world politics :an emerging multiregional power. / (Record no. 143)

MARC details
000 -LEADER
fixed length control field 02436mam a22003734a 4500
001 - CONTROL NUMBER
control field 3175947
005 - DATE AND TIME OF LATEST TRANSACTION
control field 20210414113847.0
008 - FIXED-LENGTH DATA ELEMENTS--GENERAL INFORMATION
fixed length control field 001005s2001 cou b 001 0 eng
010 ## - LIBRARY OF CONGRESS CONTROL NUMBER
LC control number 00045983
015 ## - NATIONAL BIBLIOGRAPHY NUMBER
National bibliography number GBA1-47138
020 ## - INTERNATIONAL STANDARD BOOK NUMBER
International Standard Book Number 1555879543 (cloth : alk. paper)
035 ## - SYSTEM CONTROL NUMBER
System control number (OCoLC)ocm45207899
035 ## - SYSTEM CONTROL NUMBER
System control number (NNC)3175947
040 ## - CATALOGING SOURCE
Original cataloging agency DLC
Transcribing agency DLC
Modifying agency J2H
-- UKM
-- OrLoB-B
042 ## - AUTHENTICATION CODE
Authentication code pcc
043 ## - GEOGRAPHIC AREA CODE
Geographic area code a-tu---
050 00 - LIBRARY OF CONGRESS CALL NUMBER
Classification number DR477.T795
082 00 - DEWEY DECIMAL CLASSIFICATION NUMBER
Classification number 327.561
Edition number 21
245 00 - TITLE STATEMENT
Title Turkey in world politics :an emerging multiregional power. /
Statement of responsibility, etc. edited by Barry Rubin, Kemal Kirisci.
260 ## - PUBLICATION, DISTRIBUTION, ETC.
Place of publication, distribution, etc. Boulder, Co. :
Name of publisher, distributor, etc. Lynne Rienner Publishers,
Date of publication, distribution, etc. 2001.
300 ## - PHYSICAL DESCRIPTION
Extent ix, 270 p. ;
Dimensions 24 cm.
504 ## - BIBLIOGRAPHY, ETC. NOTE
Bibliography, etc. note Includes bibliographical references (p. 257-259) and index.
505 00 - FORMATTED CONTENTS NOTE
Miscellaneous information 1.
Title Turkey: A Transformed International Role /
Statement of responsibility Barry Rubin --
Miscellaneous information 2.
Title The Contours of Turkish Foreign Policy in the 1990s /
Statement of responsibility Sule Kut --
Miscellaneous information 3.
Title The Military and the Making of Foreign Policy in Turkey /
Statement of responsibility Gencer Ozcan --
Miscellaneous information 4.
Title Turkey and the European Union: The Long Road to Membership /
Statement of responsibility William Hale and Gamze Avci --
Miscellaneous information 5.
Title The Balkans: Turkey's Stabilizing Role /
Statement of responsibility Ilhan Uzgel --
Miscellaneous information 6.
Title What Says the Neighbor to the West? On Turkish-Greek Relations /
Statement of responsibility Amikam Nachmani --
Miscellaneous information 7.
Title The Future of Turkish Policy Towards the Middle East /
Statement of responsibility Kemal Kirisci --
Miscellaneous information 8.
Title The Strategic Glue in the Israeli-Turkish Alignment /
Statement of responsibility Efraim Inbar --
Miscellaneous information 9.
Title U.S.-Turkish Relations: New Uncertainties in a Renewed Partnership /
Statement of responsibility Kemal Kirisci --
Miscellaneous information 10.
Title Russia: The Challenges of Reconciling Geopolitical Competition with Economic Partnership /
Statement of responsibility Duygu Bazoglu Sezer --
Miscellaneous information 11.
Title Turkey and the Newly Independent States of Central Asia and the Transcaucasus /
Statement of responsibility Garth Winrow --
505 80 - FORMATTED CONTENTS NOTE
Miscellaneous information 12.
Title The Challenge of Globalization and Turkey's Changing Political Economy /
Statement of responsibility Mine Eder --
Miscellaneous information 13.
Title Turkey's Energy Politics /
Statement of responsibility Brent Sasley --
Miscellaneous information 14.
Title Water Conflict: The Euphrates- Tigris Basin /
Statement of responsibility Ali Carkoglu and Mine Eder --
Miscellaneous information 15.
Title Understanding Turkey's New Foreign Policy /
Statement of responsibility Barry Rubin.
650 ## - SUBJECT ADDED ENTRY--TOPICAL TERM
Topical term or geographic name entry element Turkey
General subdivision Foreign relations.
650 ## - SUBJECT ADDED ENTRY--TOPICAL TERM
Topical term or geographic name entry element Turkey
General subdivision Politics and government
-- 20th century.
651 #0 - SUBJECT ADDED ENTRY--GEOGRAPHIC NAME
Geographic name Turkey
General subdivision Foreign relations.
651 #0 - SUBJECT ADDED ENTRY--GEOGRAPHIC NAME
Geographic name Turkey
General subdivision Politics and government
Chronological subdivision 20th century.
700 1# - ADDED ENTRY--PERSONAL NAME
Personal name Rubin, Barry M.
700 1# - ADDED ENTRY--PERSONAL NAME
Personal name Kirişci, Kemal,
Dates associated with a name 1954-
856 4# - ELECTRONIC LOCATION AND ACCESS
Materials specified Table of Contents
Uniform Resource Identifier <a href="http://lcweb.loc.gov/catdir/toc/00045983.html">http://lcweb.loc.gov/catdir/toc/00045983.html</a>
900 ## - EQUIVALENCE OR CROSS-REFERENCE-PERSONAL NAME [LOCAL, CANADA]
Numeration TOC
942 ## - ADDED ENTRY ELEMENTS (KOHA)
Source of classification or shelving scheme Library of Congress Classification
Koha item type Books
Holdings
Withdrawn status Lost status Source of classification or shelving scheme Damaged status Not for loan Home library Current library Shelving location Date acquired Total Checkouts Full call number Barcode Date last seen Price effective from Koha item type
    Library of Congress Classification     WISCONSIN INTERNATIONAL UNIVERSITY COLLEGE, GHANA - MAIN LIBRARY WISCONSIN INTERNATIONAL UNIVERSITY COLLEGE, GHANA - MAIN LIBRARY General Stacks 28/09/2011   DR477.T795 392/11 28/09/2011 28/09/2011 Books

If you have any concerns or questions; kindly contact the library


© Powered by WIUC ICT DIRECTORATE